[Event "Russian Rapid Team Championship (m)"]
[Site "Sochi"]
[Date "2022.10.19"]
[Round "8.5"]
[White "Artemiev, Vladislav"]
[Black "Petrov, Nikita"]
[Result "1-0"]
[BlackElo "2496"]
[WhiteElo "2710"]
[LiveChessVersion "1.4.8"]

1. c4 {[%clk 0:15:13]} Nf6 {[%clk 0:15:16]} 2. Nc3 {[%clk 0:15:07]} e5
{[%clk 0:15:23]} 3. Nf3 {[%clk 0:15:06]} Nc6 {[%clk 0:15:31]} 4. d3
{[%clk 0:15:14]} Bb4 {[%clk 0:13:16]} 5. Bd2 {[%clk 0:15:21]} O-O
{[%clk 0:13:21]} 6. g3 {[%clk 0:15:29]} a5 {[%clk 0:13:11]} 7. Bg2
{[%clk 0:15:18]} d6 {[%clk 0:13:14]} 8. O-O {[%clk 0:11:11]} h6 {[%clk 0:13:21]}
9. Nd5 {[%clk 0:10:05]} Nxd5 {[%clk 0:10:07]} 10. cxd5 {[%clk 0:10:12]} Ne7
{[%clk 0:10:16]} 11. Qb3 {[%clk 0:09:14]} c6 {[%clk 0:06:50]} 12. dxc6
{[%clk 0:08:57]} Nxc6 {[%clk 0:06:56]} 13. Rfc1 {[%clk 0:08:27]} a4
{[%clk 0:06:11]} 14. Qd1 {[%clk 0:08:13]} Bxd2 {[%clk 0:05:16]} 15. Nxd2
{[%clk 0:07:01]} d5 {[%clk 0:05:13]} 16. Rc5 {[%clk 0:04:21]} Be6
{[%clk 0:05:14]} 17. Rac1 {[%clk 0:04:27]} Ra5 {[%clk 0:04:43]} 18. a3
{[%clk 0:02:49]} Rxc5 {[%clk 0:03:00]} 19. Rxc5 {[%clk 0:02:57]} Qb6
{[%clk 0:03:09]} 20. Qc1 {[%clk 0:03:06]} Rd8 {[%clk 0:02:26]} 21. h4
{[%clk 0:01:21]} Nd4 {[%clk 0:01:54]} 22. Kf1 {[%clk 0:01:28]} Bg4
{[%clk 0:00:51]} 23. e3 {[%clk 0:01:36]} Nb3 {[%clk 0:00:58]} 24. Nxb3
{[%clk 0:01:41]} Qxb3 {[%clk 0:01:07]} 25. Qc2 {[%clk 0:01:25]} Qxc2
{[%clk 0:00:42]} 26. Rxc2 {[%clk 0:01:34]} d4 {[%clk 0:00:51]} 27. exd4
{[%clk 0:00:27]} Rxd4 {[%clk 0:01:00]} 28. Rc4 {[%clk 0:00:31]} b6
{[%clk 0:00:20]} 29. Ke1 {[%clk 0:00:35]} Be6 {[%clk 0:00:19]} 30. Rc6
{[%clk 0:00:34]} b5 {[%clk 0:00:15]} 31. Rb6 {[%clk 0:00:39]} Bb3
{[%clk 0:00:13]} 32. Rxb5 {[%clk 0:00:45]} f6 {[%clk 0:00:21]} 33. Kd2
{[%clk 0:00:25]} g5 {[%clk 0:00:14]} 34. hxg5 {[%clk 0:00:22]} hxg5
{[%clk 0:00:24]} 35. Be4 {[%clk 0:00:14]} Kf7 {[%clk 0:00:21]} 36. Bf5
{[%clk 0:00:19]} Bd5 {[%clk 0:00:12]} 37. Rb4 {[%clk 0:00:20]} Ke7
{[%clk 0:00:15]} 38. Kc3 {[%clk 0:00:29]} Rxb4 {[%clk 0:00:14]} 39. Kxb4
{[%clk 0:00:37]} Bb3 {[%clk 0:00:22]} 40. Kc5 {[%clk 0:00:28]} Bc2
{[%clk 0:00:30]} 41. Be4 {[%clk 0:00:17]} g4 {[%clk 0:00:25]} 42. Bf5
{[%clk 0:00:23]} Bd1 {[%clk 0:00:33]} 43. d4 {[%clk 0:00:21]} exd4
{[%clk 0:00:42]} 44. Kxd4 {[%clk 0:00:30]} Kd6 {[%clk 0:00:51]} 45. Bd3
{[%clk 0:00:16]} Kc6 {[%clk 0:00:51]} 46. Kc4 {[%clk 0:00:18]} Kd6
{[%clk 0:00:41]} 47. Kc3 {[%clk 0:00:19]} Ke5 {[%clk 0:00:42]} 48. Kd2
{[%clk 0:00:14]} Bb3 {[%clk 0:00:19]} 49. Be2 {[%clk 0:00:18]} f5
{[%clk 0:00:21]} 50. Ke3 {[%clk 0:00:26]} Bc2 {[%clk 0:00:25]} 51. Bc4
{[%clk 0:00:24]} Be4 {[%clk 0:00:13]} 52. b4 {[%clk 0:00:29]} axb3
{[%clk 0:00:22]} 53. Bxb3 {[%clk 0:00:37]} Bb1 {[%clk 0:00:19]} 54. a4
{[%clk 0:00:46]} Kd6 {[%clk 0:00:18]} 55. Kf4 {[%clk 0:00:54]} Kd5 56. Ke4+ 1-0

[Event "Russian Rapid Team Championship (m)"]
[Site "Sochi"]
[Date "2022.10.19"]
[Round "8.6"]
[White "Makarian, Rudik"]
[Black "Sjugirov, Sanan"]
[Result "0-1"]
[BlackElo "2609"]
[WhiteElo "2469"]
[LiveChessVersion "1.4.8"]

1. d4 {[%clk 0:15:17]} Nf6 {[%clk 0:15:16]} 2. c4 {[%clk 0:15:25]} e6
{[%clk 0:15:25]} 3. Nf3 {[%clk 0:15:33]} d5 {[%clk 0:15:18]} 4. Nc3
{[%clk 0:15:25]} c6 {[%clk 0:15:16]} 5. g3 {[%clk 0:15:30]} dxc4 {[%clk 0:15:18]}
6. Bg2 {[%clk 0:15:39]} Nbd7 {[%clk 0:15:24]} 7. O-O {[%clk 0:15:43]} Be7
{[%clk 0:15:32]} 8. e4 {[%clk 0:15:43]} O-O {[%clk 0:15:35]} 9. Bf4
{[%clk 0:15:50]} Re8 {[%clk 0:15:26]} 10. a4 {[%clk 0:15:22]} b6 {[%clk 0:14:08]}
11. Qc2 {[%clk 0:14:35]} a5 {[%clk 0:13:53]} 12. Rad1 {[%clk 0:14:36]} Bb7
{[%clk 0:13:26]} 13. h4 {[%clk 0:13:54]} h6 {[%clk 0:13:23]} 14. Rfe1
{[%clk 0:13:18]} Bb4 {[%clk 0:13:02]} 15. Ne5 {[%clk 0:11:13]} Nxe5
{[%clk 0:12:13]} 16. dxe5 {[%clk 0:08:03]} Nd7 {[%clk 0:11:36]} 17. g4
{[%clk 0:04:51]} Qc7 {[%clk 0:11:16]} 18. Qe2 {[%clk 0:04:25]} Nxe5
{[%clk 0:10:24]} 19. g5 {[%clk 0:04:14]} hxg5 {[%clk 0:10:23]} 20. hxg5
{[%clk 0:04:22]} g6 {[%clk 0:05:00]} 21. Qe3 {[%clk 0:04:27]} Bf8
{[%clk 0:05:05]} 22. Qg3 {[%clk 0:04:27]} Bg7 {[%clk 0:05:13]} 23. Nb1
{[%clk 0:03:16]} Rad8 {[%clk 0:05:09]} 24. Na3 {[%clk 0:03:19]} Ba6
{[%clk 0:05:05]} 25. Nc2 {[%clk 0:03:23]} Rd3 {[%clk 0:02:45]} 26. Rxd3
{[%clk 0:01:07]} cxd3 {[%clk 0:02:54]} 27. Ne3 {[%clk 0:01:16]} Qd6
{[%clk 0:03:03]} 28. Ng4 {[%clk 0:00:37]} Qb4 {[%clk 0:03:12]} 29. Bxe5
{[%clk 0:00:45]} Qxe1+ {[%clk 0:03:21]} 30. Kh2 {[%clk 0:00:55]} d2
{[%clk 0:03:30]} 31. Bxg7 {[%clk 0:00:20]} d1=Q {[%clk 0:03:38]} 32. Bc3
{[%clk 0:00:17]} Qg1+ {[%clk 0:03:39]} 33. Kh3 {[%clk 0:00:26]} Qh1+
{[%clk 0:03:00]} 34. Bxh1 {[%clk 0:00:30]} Qxh1+ {[%clk 0:03:09]} 35. Nh2
{[%clk 0:00:30]} Bf1+ {[%clk 0:03:17]} 36. Kh4 {[%clk 0:00:39]} Qxe4+
{[%clk 0:03:23]} 37. f4 {[%clk 0:00:46]} Be2 {[%clk 0:03:17]} 38. Be5
{[%clk 0:00:48]} Rd8 {[%clk 0:03:12]} 39. Qf2 {[%clk 0:00:36]} Bd1
{[%clk 0:03:06]} 40. Nf1 {[%clk 0:00:20]} Qh1+ {[%clk 0:02:49]} 41. Nh2
{[%clk 0:00:25]} Rd3 {[%clk 0:02:42]} 42. f5 {[%clk 0:00:27]} Qe4+
{[%clk 0:02:49]} 0-1

[Event "Russian Rapid Team Championship (m)"]
[Site "Sochi"]
[Date "2022.10.19"]
[Round "8.7"]
[White "Timofeev, Artyom"]
[Black "Demidov, Mikhail"]
[Result "0-1"]
[BlackElo "2488"]
[WhiteElo "2560"]
[LiveChessVersion "1.4.8"]

1. e4 {[%clk 0:15:17]} e6 {[%clk 0:15:09]} 2. Qe2 {[%clk 0:15:24]} e5
{[%clk 0:14:36]} 3. Nf3 {[%clk 0:15:18]} Nc6 {[%clk 0:14:45]} 4. g3
{[%clk 0:15:24]} g6 {[%clk 0:14:20]} 5. Bg2 {[%clk 0:15:26]} Bg7 {[%clk 0:14:28]}
6. O-O {[%clk 0:15:29]} Nge7 {[%clk 0:14:30]} 7. Nc3 {[%clk 0:14:53]} O-O
{[%clk 0:14:32]} 8. d3 {[%clk 0:14:54]} d6 {[%clk 0:14:27]} 9. Nd5
{[%clk 0:13:34]} Bg4 {[%clk 0:13:53]} 10. c3 {[%clk 0:13:12]} Qd7
{[%clk 0:13:24]} 11. Ne3 {[%clk 0:11:32]} Bh3 {[%clk 0:12:27]} 12. Bxh3
{[%clk 0:09:30]} Qxh3 {[%clk 0:12:35]} 13. Nd5 {[%clk 0:09:33]} Nxd5
{[%clk 0:11:38]} 14. exd5 {[%clk 0:09:42]} Ne7 {[%clk 0:11:47]} 15. c4
{[%clk 0:09:48]} c6 {[%clk 0:11:47]} 16. dxc6 {[%clk 0:08:36]} Nxc6
{[%clk 0:11:55]} 17. Qe4 {[%clk 0:08:11]} Rad8 {[%clk 0:09:41]} 18. Be3
{[%clk 0:07:29]} h6 {[%clk 0:08:16]} 19. Qh4 {[%clk 0:06:27]} Qxh4
{[%clk 0:07:34]} 20. Nxh4 {[%clk 0:06:29]} d5 {[%clk 0:07:38]} 21. Rad1
{[%clk 0:06:25]} Rfe8 {[%clk 0:06:34]} 22. Rfe1 {[%clk 0:05:33]} Rd7
{[%clk 0:06:17]} 23. Kf1 {[%clk 0:05:15]} Red8 {[%clk 0:05:28]} 24. Ke2
{[%clk 0:05:13]} b6 {[%clk 0:04:41]} 25. cxd5 {[%clk 0:04:11]} Rxd5
{[%clk 0:04:48]} 26. a3 {[%clk 0:04:18]} R8d6 {[%clk 0:03:48]} 27. b4
{[%clk 0:03:58]} f5 {[%clk 0:03:42]} 28. Nf3 {[%clk 0:03:29]} g5 {[%clk 0:03:34]}
29. h3 {[%clk 0:03:23]} a5 {[%clk 0:02:44]} 30. bxa5 {[%clk 0:03:17]} bxa5
{[%clk 0:02:08]} 31. g4 {[%clk 0:02:34]} f4 {[%clk 0:01:56]} 32. Bc1
{[%clk 0:02:42]} a4 {[%clk 0:01:46]} 33. h4 {[%clk 0:01:46]} gxh4
{[%clk 0:01:41]} 34. Nxh4 {[%clk 0:01:53]} Nd4+ {[%clk 0:01:50]} 35. Kf1
{[%clk 0:02:02]} Bf6 {[%clk 0:01:57]} 36. Nf5 {[%clk 0:01:36]} Nxf5
{[%clk 0:02:04]} 37. gxf5 {[%clk 0:01:45]} Rxd3 {[%clk 0:02:08]} 38. Rxd3
{[%clk 0:01:53]} Rxd3 {[%clk 0:02:17]} 39. Bb2 {[%clk 0:01:34]} f3
{[%clk 0:01:10]} 40. Kg1 {[%clk 0:01:42]} Kf7 {[%clk 0:01:06]} 41. Bxe5
{[%clk 0:00:42]} Rxa3 {[%clk 0:01:02]} 42. Kh2 {[%clk 0:00:45]} Rb3
{[%clk 0:00:42]} 43. Kg3 {[%clk 0:00:27]} a3 {[%clk 0:00:42]} 44. Bxf6
{[%clk 0:00:11]} Kxf6 {[%clk 0:00:50]} 45. Re6+ Ke5 0-1

[Event "Russian Rapid Team Championship (m)"]
[Site "Sochi"]
[Date "2022.10.19"]
[Round "8.8"]
[White "Vastrukhin, Oleg"]
[Black "Faizrakhmanov, Ramil"]
[Result "1/2-1/2"]
[BlackElo "2475"]
[WhiteElo "2358"]
[LiveChessVersion "1.4.8"]

1. Nf3 {[%clk 0:15:16]} d5 {[%clk 0:15:19]} 2. g3 {[%clk 0:15:24]} Nf6
{[%clk 0:15:27]} 3. Bg2 {[%clk 0:15:33]} c6 {[%clk 0:15:35]} 4. O-O
{[%clk 0:15:38]} Bg4 {[%clk 0:15:44]} 5. c4 {[%clk 0:15:28]} e6 {[%clk 0:15:33]}
6. Qb3 {[%clk 0:15:15]} Qb6 {[%clk 0:15:02]} 7. Nc3 {[%clk 0:13:00]} Nbd7
{[%clk 0:14:41]} 8. d4 {[%clk 0:13:03]} Qxb3 {[%clk 0:14:14]} 9. axb3
{[%clk 0:13:11]} Bd6 {[%clk 0:14:11]} 10. c5 {[%clk 0:12:26]} Bc7
{[%clk 0:14:13]} 11. b4 {[%clk 0:12:31]} O-O {[%clk 0:12:44]} 12. b5
{[%clk 0:11:34]} e5 {[%clk 0:12:33]} 13. dxe5 {[%clk 0:06:39]} Bxf3
{[%clk 0:09:42]} 14. exf6 {[%clk 0:06:47]} Bxg2 {[%clk 0:09:46]} 15. Kxg2
{[%clk 0:06:25]} Nxc5 {[%clk 0:09:22]} 16. fxg7 {[%clk 0:06:27]} Kxg7
{[%clk 0:07:44]} 17. bxc6 {[%clk 0:06:05]} bxc6 {[%clk 0:07:41]} 18. Be3
{[%clk 0:04:30]} Bb6 {[%clk 0:07:02]} 19. Bxc5 {[%clk 0:04:11]} Bxc5
{[%clk 0:07:10]} 20. Rfc1 {[%clk 0:04:12]} Bd4 {[%clk 0:06:23]} 21. e3
{[%clk 0:04:18]} Bf6 {[%clk 0:05:47]} 22. Ra6 {[%clk 0:04:20]} Rfc8
{[%clk 0:05:37]} 23. Na4 {[%clk 0:03:59]} c5 {[%clk 0:05:12]} 24. Rxc5
{[%clk 0:03:21]} Rxc5 {[%clk 0:05:11]} 25. Nxc5 {[%clk 0:03:29]} Bxb2
{[%clk 0:05:17]} 26. Nd3 {[%clk 0:03:36]} Bc3 {[%clk 0:04:12]} 27. Nf4
{[%clk 0:03:45]} Bb4 {[%clk 0:02:15]} 28. Nxd5 {[%clk 0:03:43]} Bc5
{[%clk 0:02:21]} 29. Ra5 {[%clk 0:03:10]} Rc8 {[%clk 0:02:26]} 30. g4
{[%clk 0:03:14]} Rc6 {[%clk 0:02:20]} 31. h4 {[%clk 0:03:04]} a6 {[%clk 0:02:03]}
32. g5 {[%clk 0:02:47]} Bd6 {[%clk 0:01:57]} 33. e4 {[%clk 0:02:37]} h6
{[%clk 0:01:05]} 34. f4 {[%clk 0:02:34]} hxg5 {[%clk 0:01:00]} 35. hxg5
{[%clk 0:02:42]} Bf8 {[%clk 0:00:43]} 36. Kf3 {[%clk 0:02:50]} Bd6
{[%clk 0:00:47]} 37. Kg4 {[%clk 0:02:50]} Bf8 {[%clk 0:00:49]} 38. f5
{[%clk 0:02:22]} Rc4 {[%clk 0:00:53]} 39. f6+ {[%clk 0:01:37]} Kg8
{[%clk 0:00:50]} 40. Kf5 {[%clk 0:01:43]} Rc1 {[%clk 0:00:18]} 41. Rxa6
{[%clk 0:01:11]} Rf1+ {[%clk 0:00:27]} 42. Nf4 {[%clk 0:00:38]} Bc5
{[%clk 0:00:25]} 43. e5 {[%clk 0:00:33]} Be3 {[%clk 0:00:33]} 44. Ra4
{[%clk 0:00:40]} Kh7 {[%clk 0:00:32]} 45. Kg4 {[%clk 0:00:37]} Rg1+
{[%clk 0:00:33]} 46. Kf3 {[%clk 0:00:22]} Bxf4 {[%clk 0:00:41]} 47. Kxf4
{[%clk 0:00:30]} Kg6 {[%clk 0:00:50]} 48. Ra8 {[%clk 0:00:32]} Rf1+
{[%clk 0:00:57]} 49. Ke4 {[%clk 0:00:41]} Re1+ {[%clk 0:00:59]} 50. Kd5
{[%clk 0:00:50]} Kxg5 {[%clk 0:01:08]} 51. Kd6 {[%clk 0:00:39]} Rb1
{[%clk 0:01:07]} 52. Ke7 {[%clk 0:00:28]} Rb7+ {[%clk 0:01:07]} 53. Kf8
{[%clk 0:00:37]} Kf5 {[%clk 0:01:09]} 54. Re8 {[%clk 0:00:14]} Kg6
{[%clk 0:01:17]} 55. Rd8 {[%clk 0:00:16]} Ra7 {[%clk 0:01:02]} 56. Rd2
{[%clk 0:00:18]} Kf5 {[%clk 0:00:56]} 57. Rd5 {[%clk 0:00:11]} Kg6
{[%clk 0:01:06]} 58. Rd2 {[%clk 0:00:13]} Kf5 {[%clk 0:01:15]} 59. Kg7
{[%clk 0:00:20]} Kxe5 {[%clk 0:01:20]} 60. Rd8 {[%clk 0:00:18]} Kf5
{[%clk 0:01:11]} 61. Rd5+ {[%clk 0:00:21]} Ke6 {[%clk 0:01:14]} 62. Rd2
{[%clk 0:00:28]} Kf5 {[%clk 0:01:18]} 63. Re2 {[%clk 0:00:33]} Rb7
{[%clk 0:01:20]} 64. Re7 {[%clk 0:00:40]} Rb6 {[%clk 0:01:29]} 65. Rxf7
{[%clk 0:00:45]} Kg5 {[%clk 0:01:34]} 66. Rf8 {[%clk 0:00:51]} Ra6
{[%clk 0:01:42]} 67. Rf7 {[%clk 0:00:27]} Rb6 {[%clk 0:01:51]} 68. Rf8
{[%clk 0:00:20]} Ra6 {[%clk 0:01:59]} 69. Rd8 {[%clk 0:00:13]} Rxf6
{[%clk 0:02:08]} 70. Rd5+ {[%clk 0:00:21]} Rf5 {[%clk 0:02:17]} 71. Rxf5+
{[%clk 0:00:30]} Kxf5 1/2-1/2

[Event "Russian Rapid Team Championship (m)"]
[Site "Sochi"]
[Date "2022.10.19"]
[Round "8.9"]
[White "Vlasenko, Miroslav"]
[Black "Malakhov, Vladimir"]
[Result "1/2-1/2"]
[BlackElo "2670"]
[WhiteElo "2312"]
[LiveChessVersion "1.4.8"]

1. d4 {[%clk 0:15:18]} d5 {[%clk 0:15:18]} 2. Bf4 {[%clk 0:15:26]} c5
{[%clk 0:15:21]} 3. e3 {[%clk 0:15:34]} cxd4 {[%clk 0:15:24]} 4. exd4
{[%clk 0:15:42]} Nc6 {[%clk 0:15:33]} 5. c3 {[%clk 0:15:45]} Bf5 {[%clk 0:15:41]}
6. Nd2 {[%clk 0:15:18]} e6 {[%clk 0:15:40]} 7. Ngf3 {[%clk 0:14:31]} Bd6
{[%clk 0:15:01]} 8. Bg3 {[%clk 0:14:15]} Nge7 {[%clk 0:15:04]} 9. Be2
{[%clk 0:14:03]} O-O {[%clk 0:15:05]} 10. Nh4 {[%clk 0:12:52]} Bg6
{[%clk 0:14:56]} 11. O-O {[%clk 0:12:35]} Nf5 {[%clk 0:12:42]} 12. Bxd6
{[%clk 0:12:14]} Nxd6 {[%clk 0:12:47]} 13. Nxg6 {[%clk 0:11:54]} hxg6
{[%clk 0:12:55]} 14. a4 {[%clk 0:11:34]} Rc8 {[%clk 0:12:17]} 15. Bd3
{[%clk 0:10:03]} Na5 {[%clk 0:12:15]} 16. Qe2 {[%clk 0:09:08]} a6
{[%clk 0:10:47]} 17. g3 {[%clk 0:08:32]} Nac4 {[%clk 0:10:35]} 18. Nf3
{[%clk 0:08:22]} b5 {[%clk 0:10:17]} 19. h4 {[%clk 0:07:22]} Rb8 {[%clk 0:09:22]}
20. b3 {[%clk 0:06:39]} Na5 {[%clk 0:09:25]} 21. b4 {[%clk 0:06:31]} Nac4
{[%clk 0:09:34]} 22. axb5 {[%clk 0:05:56]} axb5 {[%clk 0:09:36]} 23. Kg2
{[%clk 0:05:02]} Rc8 {[%clk 0:09:16]} 24. Rh1 {[%clk 0:04:38]} Nf5
{[%clk 0:08:44]} 25. g4 {[%clk 0:04:00]} Ne7 {[%clk 0:07:46]} 26. h5
{[%clk 0:04:00]} Qd6 {[%clk 0:07:54]} 27. hxg6 {[%clk 0:02:50]} Nxg6
{[%clk 0:07:49]} 28. Bxg6 {[%clk 0:02:33]} fxg6 {[%clk 0:07:57]} 29. Rh4
{[%clk 0:02:22]} Rf4 {[%clk 0:05:58]} 30. Ng5 {[%clk 0:02:02]} Re8
{[%clk 0:04:27]} 31. Qd3 {[%clk 0:01:24]} e5 {[%clk 0:02:01]} 32. Qh3
{[%clk 0:01:29]} Rxf2+ {[%clk 0:02:10]} 33. Kxf2 {[%clk 0:01:30]} Qf6+
{[%clk 0:02:19]} 34. Nf3 {[%clk 0:01:09]} e4 {[%clk 0:02:27]} 35. Rh8+
{[%clk 0:00:57]} Kf7 {[%clk 0:02:36]} 36. Ra7+ {[%clk 0:00:52]} Re7
{[%clk 0:02:46]} 37. g5 {[%clk 0:00:37]} Qf4 {[%clk 0:02:55]} 38. Rxe7+
{[%clk 0:00:30]} Kxe7 {[%clk 0:03:04]} 39. Qg3 {[%clk 0:00:33]} Qe3+
{[%clk 0:03:04]} 40. Kg2 {[%clk 0:00:36]} exf3+ {[%clk 0:02:23]} 41. Qxf3
{[%clk 0:00:34]} Qxg5+ {[%clk 0:02:32]} 42. Kh3 {[%clk 0:00:37]} Nd6
{[%clk 0:02:38]} 43. Qf8+ {[%clk 0:00:23]} Ke6 {[%clk 0:02:46]} 44. Qg8+
{[%clk 0:00:28]} Kd7 {[%clk 0:02:41]} 45. Qxg7+ {[%clk 0:00:35]} Kc6
{[%clk 0:02:51]} 46. Qe5 {[%clk 0:00:41]} Qc1 {[%clk 0:02:56]} 47. Rd8
{[%clk 0:00:34]} Qh1+ {[%clk 0:02:59]} 48. Kg4 {[%clk 0:00:25]} Qg2+
{[%clk 0:02:40]} 49. Qg3 {[%clk 0:00:31]} Qe4+ {[%clk 0:02:44]} 50. Qf4
{[%clk 0:00:32]} Qg2+ {[%clk 0:02:32]} 51. Qg3 {[%clk 0:00:39]} Qe4+
{[%clk 0:02:37]} 52. Qf4 {[%clk 0:00:44]} Qg2+ {[%clk 0:02:46]} 1/2-1/2

[Event "Russian Rapid Team Championship (m)"]
[Site "Sochi"]
[Date "2022.10.19"]
[Round "8.10"]
[White "Zvjaginsev, Vadim"]
[Black "Lesovoi, Evgenij"]
[Result "1/2-1/2"]
[BlackElo "2322"]
[WhiteElo "2498"]
[LiveChessVersion "1.4.8"]

1. Nf3 {[%clk 0:15:16]} Nf6 {[%clk 0:15:18]} 2. g3 {[%clk 0:15:22]} d5
{[%clk 0:15:25]} 3. Bg2 {[%clk 0:15:29]} c6 {[%clk 0:15:28]} 4. O-O
{[%clk 0:15:33]} Bg4 {[%clk 0:15:34]} 5. h3 {[%clk 0:15:28]} Bxf3
{[%clk 0:15:39]} 6. exf3 {[%clk 0:15:31]} g6 {[%clk 0:14:35]} 7. d4
{[%clk 0:15:20]} Bg7 {[%clk 0:14:35]} 8. c3 {[%clk 0:14:48]} O-O {[%clk 0:14:33]}
9. Be3 {[%clk 0:14:46]} Nbd7 {[%clk 0:14:20]} 10. f4 {[%clk 0:14:53]} Qc7
{[%clk 0:14:13]} 11. Nd2 {[%clk 0:14:52]} Ne8 {[%clk 0:13:41]} 12. Nf3
{[%clk 0:14:40]} Nd6 {[%clk 0:13:42]} 13. Re1 {[%clk 0:13:33]} Rae8
{[%clk 0:13:18]} 14. Qc2 {[%clk 0:12:41]} f6 {[%clk 0:12:19]} 15. Re2
{[%clk 0:12:25]} Nf5 {[%clk 0:12:05]} 16. Rae1 {[%clk 0:09:56]} e5
{[%clk 0:10:15]} 17. fxe5 {[%clk 0:09:32]} Nxe3 {[%clk 0:07:57]} 18. Rxe3
{[%clk 0:09:38]} fxe5 {[%clk 0:08:05]} 19. Nxe5 {[%clk 0:07:41]} Nxe5
{[%clk 0:05:19]} 20. f4 {[%clk 0:07:41]} Nf3+ {[%clk 0:05:10]} 21. Bxf3
{[%clk 0:07:48]} Rxe3 {[%clk 0:05:18]} 22. Rxe3 {[%clk 0:07:56]} g5
{[%clk 0:05:16]} 23. Qe2 {[%clk 0:07:25]} gxf4 {[%clk 0:05:08]} 24. Re7
{[%clk 0:07:31]} Qd6 {[%clk 0:05:16]} 25. g4 {[%clk 0:05:55]} Qg6
{[%clk 0:05:24]} 26. Kg2 {[%clk 0:04:43]} Bf6 {[%clk 0:05:13]} 27. Qe6+
{[%clk 0:04:27]} Kh8 {[%clk 0:05:20]} 28. Rxb7 {[%clk 0:04:34]} Qc2+
{[%clk 0:03:58]} 29. Qe2 {[%clk 0:04:38]} Qg6 {[%clk 0:04:07]} 30. Qe6
{[%clk 0:03:40]} Qc2+ {[%clk 0:04:14]} 31. Kg1 {[%clk 0:03:19]} Qb1+
{[%clk 0:03:35]} 32. Kh2 {[%clk 0:02:48]} Qc2+ {[%clk 0:03:32]} 33. Qe2
{[%clk 0:02:08]} Qg6 {[%clk 0:03:40]} 34. Qe6 {[%clk 0:01:56]} Qc2+
{[%clk 0:03:48]} 35. Kg1 {[%clk 0:02:00]} Qb1+ {[%clk 0:03:56]} 36. Kf2
{[%clk 0:01:52]} Qc2+ {[%clk 0:04:01]} 37. Kf1 {[%clk 0:01:41]} Qb1+
{[%clk 0:03:44]} 38. Kg2 {[%clk 0:01:20]} 1/2-1/2

[Event "Russian Rapid Team Championship (m)"]
[Site "Sochi"]
[Date "2022.10.19"]
[Round "8.11"]
[White "Palchun, Grigory"]
[Black "Grachev, Boris"]
[Result "0-1"]
[BlackElo "2612"]
[WhiteElo "2216"]
[LiveChessVersion "1.4.8"]

1. d4 {[%clk 0:15:19]} d5 {[%clk 0:15:13]} 2. Bf4 {[%clk 0:15:26]} c5
{[%clk 0:15:05]} 3. e3 {[%clk 0:15:33]} cxd4 {[%clk 0:14:59]} 4. exd4
{[%clk 0:15:41]} Nc6 {[%clk 0:15:08]} 5. c3 {[%clk 0:15:44]} Bf5 {[%clk 0:14:58]}
6. Qb3 {[%clk 0:14:39]} Qd7 {[%clk 0:15:05]} 7. Nf3 {[%clk 0:14:28]} e6
{[%clk 0:15:09]} 8. Nbd2 {[%clk 0:14:23]} f6 {[%clk 0:14:23]} 9. Be2
{[%clk 0:13:03]} g5 {[%clk 0:13:34]} 10. Bg3 {[%clk 0:09:55]} h5 {[%clk 0:13:17]}
11. h3 {[%clk 0:09:59]} Nge7 {[%clk 0:13:05]} 12. Nf1 {[%clk 0:09:26]} Bh6
{[%clk 0:12:08]} 13. Ne3 {[%clk 0:09:26]} Bg6 {[%clk 0:12:11]} 14. Qd1
{[%clk 0:08:56]} O-O {[%clk 0:10:57]} 15. Bd3 {[%clk 0:07:58]} Bxd3
{[%clk 0:09:33]} 16. Qxd3 {[%clk 0:08:07]} Nf5 {[%clk 0:09:42]} 17. Bh2
{[%clk 0:07:37]} Qh7 {[%clk 0:08:48]} 18. Nxf5 {[%clk 0:05:46]} exf5
{[%clk 0:08:45]} 19. Bd6 {[%clk 0:05:47]} Rfe8+ {[%clk 0:08:48]} 20. Kd1
{[%clk 0:04:45]} Re6 {[%clk 0:08:30]} 21. Ba3 {[%clk 0:04:46]} Rae8
{[%clk 0:08:33]} 22. Re1 {[%clk 0:04:41]} Re4 {[%clk 0:08:16]} 23. Qb5
{[%clk 0:04:07]} Qd7 {[%clk 0:07:56]} 24. Rxe4 {[%clk 0:03:36]} fxe4
{[%clk 0:07:43]} 25. Nd2 {[%clk 0:03:42]} g4 {[%clk 0:06:45]} 26. hxg4
{[%clk 0:03:02]} Qxg4+ {[%clk 0:04:55]} 27. Kc2 {[%clk 0:02:37]} Qf5
{[%clk 0:05:02]} 28. Kd1 {[%clk 0:01:10]} Bxd2 {[%clk 0:02:47]} 29. Kxd2
{[%clk 0:01:19]} Qxf2+ {[%clk 0:02:54]} 30. Qe2 {[%clk 0:01:22]} Qxe2+
{[%clk 0:02:37]} 31. Kxe2 {[%clk 0:01:32]} Kf7 {[%clk 0:02:46]} 32. Bd6
{[%clk 0:01:08]} Ke6 {[%clk 0:02:25]} 33. Bf4 {[%clk 0:01:12]} Rg8
{[%clk 0:02:28]} 34. g3 {[%clk 0:00:56]} h4 {[%clk 0:02:14]} 35. Kf2
{[%clk 0:00:33]} hxg3+ {[%clk 0:02:02]} 36. Bxg3 {[%clk 0:00:42]} Rh8
{[%clk 0:02:11]} 37. b3 {[%clk 0:00:43]} Ne7 {[%clk 0:02:09]} 38. c4
{[%clk 0:00:40]} Nf5 {[%clk 0:02:17]} 39. Bf4 {[%clk 0:00:22]} Rh3
{[%clk 0:02:07]} 40. Bb8 {[%clk 0:00:19]} a6 {[%clk 0:01:59]} 41. Rc1
{[%clk 0:00:13]} Rf3+ {[%clk 0:01:58]} 42. Kg2 {[%clk 0:00:21]} dxc4
{[%clk 0:01:23]} 43. bxc4 {[%clk 0:00:19]} Nxd4 {[%clk 0:01:31]} 44. Rb1
{[%clk 0:00:28]} b5 {[%clk 0:01:26]} 45. cxb5 {[%clk 0:00:23]} axb5
{[%clk 0:01:27]} 46. Rb4 {[%clk 0:00:32]} Rd3 {[%clk 0:01:22]} 47. a4
{[%clk 0:00:23]} Rd2+ {[%clk 0:01:10]} 48. Kh3 {[%clk 0:00:20]} bxa4
{[%clk 0:00:58]} 49. Rxa4 {[%clk 0:00:16]} e3 {[%clk 0:00:36]} 50. Bf4
{[%clk 0:00:18]} Rd3 {[%clk 0:00:44]} 51. Kg2 {[%clk 0:00:21]} e2
{[%clk 0:00:50]} 0-1

[Event "Russian Rapid Team Championship (m)"]
[Site "Sochi"]
[Date "2022.10.19"]
[Round "8.12"]
[White "Popov, Ivan"]
[Black "Babanin, Gleb"]
[Result "1-0"]
[BlackElo "2223"]
[WhiteElo "2616"]
[LiveChessVersion "1.4.8"]

1. e4 {[%clk 0:15:18]} e5 {[%clk 0:15:19]} 2. Nf3 {[%clk 0:15:26]} Nc6
{[%clk 0:15:27]} 3. Bc4 {[%clk 0:15:34]} Nf6 {[%clk 0:15:35]} 4. d3
{[%clk 0:15:42]} Bc5 {[%clk 0:15:43]} 5. O-O {[%clk 0:15:45]} O-O
{[%clk 0:15:50]} 6. c3 {[%clk 0:15:52]} d6 {[%clk 0:15:58]} 7. a4
{[%clk 0:15:59]} a5 {[%clk 0:16:06]} 8. Nbd2 {[%clk 0:14:49]} Be6
{[%clk 0:16:09]} 9. Bb5 {[%clk 0:14:50]} Ba7 {[%clk 0:15:51]} 10. h3
{[%clk 0:12:34]} h6 {[%clk 0:15:57]} 11. Re1 {[%clk 0:12:37]} Ne7
{[%clk 0:15:51]} 12. d4 {[%clk 0:12:44]} Ng6 {[%clk 0:15:53]} 13. Nf1
{[%clk 0:11:40]} c6 {[%clk 0:15:55]} 14. Bd3 {[%clk 0:11:49]} Qc7
{[%clk 0:12:18]} 15. Ng3 {[%clk 0:11:48]} Rad8 {[%clk 0:11:42]} 16. Be3
{[%clk 0:11:51]} d5 {[%clk 0:09:01]} 17. exd5 {[%clk 0:08:20]} exd4
{[%clk 0:08:53]} 18. Bxd4 {[%clk 0:02:05]} Bxd4 {[%clk 0:04:21]} 19. dxe6
{[%clk 0:02:14]} Bc5 {[%clk 0:04:29]} 20. Nd4 {[%clk 0:02:03]} Nf4
{[%clk 0:01:09]} 21. Bc4 {[%clk 0:02:06]} fxe6 {[%clk 0:01:07]} 22. Bxe6+
{[%clk 0:01:55]} Nxe6 {[%clk 0:00:48]} 23. Rxe6 {[%clk 0:02:00]} Qb6
{[%clk 0:00:47]} 24. Qe2 {[%clk 0:00:47]} Bxd4 {[%clk 0:00:41]} 25. cxd4
{[%clk 0:00:56]} Rxd4 {[%clk 0:00:44]} 26. Nf5 {[%clk 0:00:50]} Rf4
{[%clk 0:00:46]} 27. Ne7+ {[%clk 0:00:51]} Kf7 {[%clk 0:00:48]} 28. Re1
{[%clk 0:00:48]} Qb3 {[%clk 0:00:25]} 29. g3 {[%clk 0:00:23]} Rd4
{[%clk 0:00:19]} 30. Nf5 {[%clk 0:00:27]} Rd7 {[%clk 0:00:28]} 31. Qe5
{[%clk 0:00:16]} Kg6 {[%clk 0:00:16]} 32. Ne7+ {[%clk 0:00:22]} Kf7
{[%clk 0:00:24]} 33. Rxf6+ {[%clk 0:00:17]} gxf6 {[%clk 0:00:32]} 34. Qh5+
{[%clk 0:00:26]} 1-0